Nacionalizmus az ezredfordulón. A "szétrobbant birodalomtól" a "nemzetek dicsőségéig"

Elmentve itt :
Bibliográfiai részletek
Szerző: GÁLL Ernő
Adatforrás:Meister
Forrásdokumentuma:A Hét. -
40 ; 43-44-45 sz., 1992, 8-9 ; 11-12 p.
Nyelv:magyar
Kulcsszavak:politikatörténet
oroszosítás
pozitív diszkrimináció
sztálinizmus
peresztrojka
glasznoszty
diszkrimináció
Szovjetunió
Kaukázus
BENDA Julien
LENIN V.I.
SZTÁLIN J.V.
CARRERE dÍENCAUSSE Heléne
GORBACSOV Mihail Sz.
ARENDT Hannah
LEADER 00842nab a2200289 i 4500
001 bibPRO00006552
008 060524s1992 xx hun
040 |a Sz1 
041 |a hun 
100 1 |a GÁLL Ernő 
245 1 0 |a Nacionalizmus az ezredfordulón. A "szétrobbant birodalomtól" a "nemzetek dicsőségéig"  |c GÁLL Ernő 
695 |a politikatörténet 
695 |a oroszosítás 
695 |a pozitív diszkrimináció 
695 |a sztálinizmus 
695 |a peresztrojka 
695 |a glasznoszty 
695 |a diszkrimináció 
695 |a Szovjetunió 
695 |a Kaukázus 
695 |a BENDA Julien 
695 |a LENIN V.I. 
695 |a SZTÁLIN J.V. 
695 |a CARRERE dÍENCAUSSE Heléne 
695 |a GORBACSOV Mihail Sz. 
695 |a ARENDT Hannah 
773 0 |t A Hét. -  |g 40 ; 43-44-45 sz., 1992, 8-9 ; 11-12 p.